000 01189nam a22001577a 4500
008 150430b xxu||||| |||| 00| 0 eng d
020 _a8420679216
082 _a700
_bP 195s
100 _aPanofsky, Erwin
_92536
245 _aEl significado en las artes visuales
_cPanofsky, Erwin
260 _aEspaña
_bAlianza Editorial
_c1998
300 _a386 p.
_bill.
_c14.5x23 cm
505 _tLa historia del arte en cuanto disciplina humanística.
_tIconografia e iconologia: Introducción al estudio del arte del Renacimiento.
_tLa historia de la teoría de las proporciones humanas como reflejo de la historia de los estilos.
_tEl abad Suger de Saint-Denis.
_tLa "Alegoria de la Prudencia" de Ticiano: Post scriptum.
_tLa primera pagina del libro de Giorgio Vasari. Apendice: Dos proyectos de fachada de Domenico Beccafumi y el problema del manierismo en la Arquitectura.
_tAlberto Durero y la Antigüedad clásica. Apendice: Las ilustraciones de las "Inscriptiones" de Apianus en relación con Durero.
_t"Et in Arcadia ego": Poussin y la tradición elegiaca.
_tTres decenios de historia del arte en los Estados Unidos.
650 _xArte
_xArte-critica y apreciación
_92537
700 _aPanofsky, Erwin
_92538
999 _c557
_d557